[Event "AUT-chT2O 2122"]
[Site "Austria"]
[Date "2022.04.02"]
[Round "10.4"]
[White "Prinzjakowitsch, Bernhard"]
[Black "Pichler, Andreas"]
[Result "1-0"]
[WhiteElo "2092"]
[BlackElo "2047"]
[PlyCount "115"]
[EventDate "2021.10.16"]
[EventType "team-tourn"]
[EventRounds "11"]
[EventCountry "AUT"]
[SourceTitle "EXT 2023"]
[Source "ChessBase"]
[SourceDate "2022.10.05"]
[SourceVersion "1"]
[SourceVersionDate "2022.10.05"]
[SourceQuality "1"]
[WhiteTeam "Pamhagen II"]
[BlackTeam "Donaustadt"]
[WhiteTeamCountry "AUT"]
[BlackTeamCountry "AUT"]

1. e4 e5 2. Nf3 Nc6 3. Bb5 a6 4. Ba4 Nf6 5. 0-0 Be7 6. Re1 b5 7. Bb3 d6 8. c3 0-0 9. a4 Bb7 10. d4 Re8 11. Nbd2 Bf8 12. d5 Nb8 13. Nf1 c6 14. dxc6 Bxc6 15. Ng5 Re7 16. axb5 Bxb5 17. Ng3 g6 18. f4 Qc7 19. f5 Bg7 20. fxg6 hxg6 21. Nf1 Bc6 22. Ne3 Nbd7 23. Ba4 Nc5 24. Bxc6 Qxc6 25. Nd5 Nxd5 26. exd5 Qb5 27. Qf3 f6 28. Ne4 Nxe4 29. Qxe4 f5 30. Qh4 Kf7 31. Rd1 Rc8 32. Qa4 Qe2 33. Bd2 Ra7 34. Qc2 e4 35. Qc1 Be5 36. Be3 Raa8 37. Qd2 Qb5 38. Qf2 Rh8 39. g3 Rab8 40. Rd2 Ke7 41. Bg5+ Ke8 42. Qa7 Rb7 43. Qxa6 Qc5+ 44. Kg2 Qb5 45. Qxb5+ Rxb5 46. Ra7 Rb8 47. b4 Bxc3 48. Rc2 Bd4 49. Re7+ Kf8 50. Rcc7 Ra8 51. Rf7+ Kg8 52. h4 Ra2+ 53. Kf1 Ra1+ 54. Ke2 Ra2+ 55. Kd1 Rb2 56. Rfd7 Rb1+ 57. Kc2 Rb2+ 58. Kc1 1-0

[Event "AUT-chT2O 2122"]
[Site "Austria"]
[Date "2022.01.15"]
[Round "3.4"]
[White "Balint, Peter1111"]
[Black "Prinzjakowitsch, Bernhard"]
[Result "0-1"]
[WhiteElo "1983"]
[BlackElo "2092"]
[PlyCount "68"]
[EventDate "2021.10.16"]
[EventType "team-tourn"]
[EventRounds "11"]
[EventCountry "AUT"]
[SourceTitle "EXT 2023"]
[Source "ChessBase"]
[SourceDate "2022.10.05"]
[SourceVersion "1"]
[SourceVersionDate "2022.10.05"]
[SourceQuality "1"]
[WhiteTeam "Hietzing"]
[BlackTeam "Pamhagen II"]
[WhiteTeamCountry "AUT"]
[BlackTeamCountry "AUT"]

1. e4 e5 2. Nf3 Nc6 3. Bb5 a6 4. Ba4 Nf6 5. 0-0 b5 6. Bb3 d6 7. Ng5 d5 8. exd5 Nxd5 9. Nxf7 Kxf7 10. Qf3+ Ke6 11. Nc3 Nce7 12. d4 c6 13. Re1 Bb7 14. Bg5 Kd7 15. Nxd5 cxd5 16. Rxe5 h6 17. Bxe7 Bxe7 18. Bxd5 Bxd5 19. Rxd5+ Bd6 20. c4 bxc4 21. Qf5+ Kc6 22. g3 Qe7 23. Rc1 Rhf8 24. Rxc4+ Kb7 25. Qc2 Rac8 26. b3 Qe6 27. Rh5 Rce8 28. d5 Qe1+ 29. Kg2 Re2 30. Rb4+ Ka7 31. Rb7+ Ka8 32. Qc6 Qxf2+ 33. Kh3 Qxh2+ 34. Kg4 Qxg3# 0-1

[Event "AUT-chT2O 1819"]
[Site "Austria"]
[Date "2019.01.13"]
[Round "7.1"]
[White "Prinzjakowitsch, Bernhard"]
[Black "Iro, Christian"]
[Result "0-1"]
[WhiteElo "2117"]
[BlackElo "2045"]
[PlyCount "52"]
[EventDate "2018.10.06"]
[EventType "team-tourn"]
[EventRounds "11"]
[EventCountry "AUT"]
[SourceTitle "CBM 189 Extra"]
[Source "ChessBase"]
[SourceDate "2019.06.03"]
[SourceVersion "1"]
[SourceVersionDate "2019.06.03"]
[SourceQuality "1"]
[WhiteTeam "Pamhagen"]
[BlackTeam "Austria"]
[WhiteTeamCountry "AUT"]
[BlackTeamCountry "AUT"]

1. e4 c6 2. d4 d5 3. Nc3 dxe4 4. Nxe4 Bf5 5. Ng3 Bg6 6. Nf3 Nd7 7. Be2 e6 8. 0-0 Ngf6 9. c4 Qc7 10. Be3 h6 11. Qb3 Bd6 12. Nh4 Bh7 13. f4 g5 14. fxg5 hxg5 15. Bxg5 Ne4 16. Nxe4 Bxh2+ 17. Kf2 Bxe4 18. Qe3 f6 19. Bg4 fxg5 20. Qxe4 Rxh4 21. Qg6+ Kd8 22. Ke2 Qd6 23. Rf7 Kc7 24. c5 Qd5 25. Kd3 Rg8 26. Qxe6 Rxg4 0-1

[Event "AUT-chT 1718"]
[Site "Austria"]
[Date "2018.04.06"]
[Round "10.2"]
[White "Froewis, Georg"]
[Black "Prinzjakowitsch, Bernhard"]
[Result "1-0"]
[WhiteElo "2433"]
[BlackElo "2138"]
[PlyCount "79"]
[EventDate "2017.11.16"]
[EventType "team-tourn"]
[EventRounds "11"]
[EventCountry "AUT"]
[SourceTitle "EXT 2019"]
[Source "ChessBase"]
[SourceDate "2018.10.10"]
[SourceVersion "1"]
[SourceVersionDate "2018.10.10"]
[SourceQuality "1"]
[WhiteTeam "Hohenems"]
[BlackTeam "Pamhagen"]
[WhiteTeamCountry "AUT"]
[BlackTeamCountry "AUT"]

1. Nf3 Nf6 2. c4 g6 3. Nc3 Bg7 4. e4 d6 5. d4 c5 6. Be2 0-0 7. 0-0 cxd4 8. Nxd4 Nc6 9. Be3 Ne5 10. f3 Bd7 11. Qd2 h5 12. Rfd1 Rc8 13. b3 a6 14. Rac1 Ne8 15. Nc2 Kh7 16. Nd5 f5 17. Bb6 Nc7 18. f4 Bh6 19. Nce3 fxe4 20. Nxc7 Rxc7 21. fxe5 dxe5 22. Rc3 Rf6 23. Bxc7 Qxc7 24. Qxd7 Qc5 25. Qd2 Rd6 26. Qc1 Rd4 27. g3 e6 28. Kg2 b6 29. Re1 h4 30. Bf1 Qf8 31. Be2 Qc5 32. a3 a5 33. b4 axb4 34. axb4 Qxb4 35. c5 bxc5 36. Rxc5 h3+ 37. Kxh3 Rd7 38. Rc7 Qe7 39. Rxd7 Qxd7 40. Ng4 1-0

[Event "AUT-chT2O 1617"]
[Site "Austria"]
[Date "2016.11.13"]
[Round "4.6"]
[White "Iro, Christian"]
[Black "Prinzjakowitsch, Bernhard"]
[Result "0-1"]
[WhiteElo "1947"]
[BlackElo "2180"]
[PlyCount "92"]
[EventDate "2016.10.15"]
[EventType "team-tourn"]
[EventRounds "11"]
[EventCountry "AUT"]
[SourceTitle "CBM 175 Extra"]
[Source "ChessBase"]
[SourceDate "2016.12.12"]
[SourceVersion "1"]
[SourceVersionDate "2016.12.12"]
[SourceQuality "1"]
[WhiteTeam "Austria"]
[BlackTeam "Pamhagen"]
[WhiteTeamCountry "AUT"]
[BlackTeamCountry "AUT"]

1. e4 c5 2. Nf3 Nc6 3. d4 cxd4 4. Nxd4 Qb6 5. Nb3 Nf6 6. Nc3 e6 7. Be3 Qc7 8. a3 a6 9. f4 d6 10. Be2 Be7 11. 0-0 b5 12. Bf3 Bb7 13. Qe2 h5 14. Rad1 Rc8 15. Kh1 g6 16. Rg1 Nd7 17. Rge1 Nb6 18. Bxb6 Qxb6 19. Nd5 Qd8 20. Nxe7 Qxe7 21. Qd3 Rd8 22. Qc3 0-0 23. Nd4 Rc8 24. Nxc6 Rxc6 25. Qd2 Rfc8 26. c3 Kh7 27. Re3 Rd8 28. Qe2 Qh4 29. e5 Rb6 30. Bxb7 Rxb7 31. exd6 Qxf4 32. Qf3 Qxf3 33. Rxf3 Kg7 34. b3 Rbd7 35. Rfd3 Rc8 36. Rc1 Rc6 37. Rcd1 f5 38. Kg1 Kf6 39. h4 e5 40. Kf2 e4 41. Re3 Ke5 42. g3 Rdxd6 43. Rxd6 Kxd6 44. Ke2 Ke5 45. Kd2 Kf6 46. Ke2 g5 0-1

[Event "AUT-chT 1415"]
[Site "Austria"]
[Date "2014.11.21"]
[Round "2.4"]
[White "Lehner, Oliver"]
[Black "Prinzjakowitsch, Bernhard"]
[Result "1/2-1/2"]
[WhiteElo "2441"]
[BlackElo "2172"]
[PlyCount "86"]
[EventDate "2014.11.20"]
[EventType "team-tourn"]
[EventRounds "11"]
[EventCountry "AUT"]
[SourceTitle "CBM 163 Extra"]
[Source "ChessBase"]
[SourceDate "2014.12.23"]
[SourceVersion "1"]
[SourceVersionDate "2014.12.23"]
[SourceQuality "1"]
[WhiteTeam "Jenbach"]
[BlackTeam "Pamhagen"]
[WhiteTeamCountry "AUT"]
[BlackTeamCountry "AUT"]

1. e4 e5 2. Nf3 Nc6 3. d4 exd4 4. Nxd4 Bc5 5. Be3 Qf6 6. c3 d6 7. Be2 Qg6 8. 0-0 Nf6 9. Kh1 h5 10. f3 h4 11. Bb5 Bd7 12. Re1 Rh5 13. Bxc6 bxc6 14. Nd2 a5 15. Nc4 Kf8 16. Qd2 h3 17. g3 Bxd4 18. Bxd4 c5 19. Bxf6 Qxf6 20. Qf2 Bc6 21. Kg1 a4 22. a3 Rb8 23. Rad1 g6 24. Ne3 Kg7 25. Rd2 Qe6 26. Nd5 Bxd5 27. exd5 Qf6 28. f4 Rhh8 29. Re4 Rhe8 30. Qe3 Rxe4 31. Qxe4 g5 32. Rf2 gxf4 33. Qxa4 Qe5 34. Qxf4 Qxf4 35. gxf4 Kf6 36. b4 cxb4 37. cxb4 Kf5 38. Rf3 Ke4 39. Rxh3 Kxd5 40. Kf2 Ra8 41. Rc3 f5 42. Kf3 Kd4 43. Rxc7 Rxa3+ 1/2-1/2

[Event "Vienna op 18th"]
[Site "Vienna"]
[Date "2013.08.19"]
[Round "3"]
[White "Prinzjakowitsch, Bernhard"]
[Black "Kaufeld, Juergen"]
[Result "0-1"]
[WhiteElo "2138"]
[BlackElo "2348"]
[PlyCount "86"]
[EventDate "2013.08.17"]
[EventType "swiss"]
[EventRounds "9"]
[EventCountry "AUT"]
[SourceTitle "CBM 156 Extra"]
[Source "ChessBase"]
[SourceDate "2013.10.22"]
[SourceVersion "1"]
[SourceVersionDate "2013.10.22"]
[SourceQuality "1"]

1. e4 c5 2. Nf3 e6 3. d4 cxd4 4. Nxd4 a6 5. Nc3 b5 6. Be2 Bb7 7. Bf3 Qc7 8. 0-0 d6 9. g3 Nf6 10. Re1 Be7 11. Bg2 0-0 12. f4 Rd8 13. a3 Nc6 14. Nxc6 Bxc6 15. Qe2 Rac8 16. Bd2 Qb7 17. g4 a5 18. g5 Nd7 19. Rad1 Bf8 20. b4 axb4 21. axb4 d5 22. exd5 exd5 23. Qg4 Nb6 24. f5 Nc4 25. Ne2 Qb6+ 26. Qd4 Qc7 27. Bc3 Ba8 28. Rd3 Nd6 29. Red1 Nxf5 30. Qg4 Qb6+ 31. Nd4 g6 32. Kh1 Rc4 33. Qh3 Rxc3 34. Rxc3 Nxd4 35. Qe3 Bg7 36. Rcd3 Qc7 37. Rxd4 Bxd4 38. Rxd4 Qxc2 39. h4 Qc7 40. h5 gxh5 41. Bf3 Qg3 42. Qe2 Bc6 43. Bxh5 Re8 0-1

[Event "Vienna op 17th"]
[Site "Vienna"]
[Date "2011.08.16"]
[Round "4"]
[White "Prinzjakowitsch, Bernhard"]
[Black "Kummer, Helmut"]
[Result "0-1"]
[WhiteElo "2168"]
[BlackElo "2362"]
[PlyCount "118"]
[EventDate "2011.08.13"]
[EventType "swiss"]
[EventRounds "9"]
[EventCountry "AUT"]
[SourceTitle "CBM 143 Extra"]
[Source "ChessBase"]
[SourceDate "2011.08.29"]
[SourceVersion "1"]
[SourceVersionDate "2011.08.29"]
[SourceQuality "1"]

1. e4 e5 2. Nf3 Nc6 3. Bb5 Nf6 4. 0-0 Nxe4 5. d4 Nd6 6. Bxc6 dxc6 7. dxe5 Nf5 8. Qxd8+ Kxd8 9. b3 Bd7 10. Bb2 Kc8 11. Nc3 b6 12. Rad1 Be7 13. Ne4 h6 14. c4 c5 15. Nc3 Re8 16. Nd5 Bd8 17. h3 a5 18. a4 Ne7 19. Ne3 Bc6 20. Nd2 Ng6 21. f4 f6 22. exf6 Bxf6 23. Bxf6 gxf6 24. Ng4 Re2 25. Rf2 Rxf2 26. Kxf2 Nxf4 27. Nxf6 Kb7 28. Nf3 Rf8 29. Nd7 Rg8 30. Ne1 Nxg2 31. Ne5 Nf4 32. h4 Re8 33. N1f3 h5 34. Rd2 Bxf3 35. Nxf3 Re4 36. Ng5 Rd4 37. Nf3 Re4 38. Ng5 Re5 39. Rd7 Ng6 40. Nf3 Re4 41. Rh7 Nxh4 42. Rxh5 Ng6 43. Nd2 Re7 44. Rh3 Ne5 45. Kf1 Nc6 46. Kf2 Nd4 47. Re3 Rf7+ 48. Nf3 Kc6 49. Rd3 Rf4 50. Kg3 Re4 51. Nd2 Re1 52. Nf3 Rb1 53. Nd2 Rd1 54. Kf2 Nxb3 55. Ke2 Rxd2+ 56. Rxd2 Nxd2 57. Kxd2 Kd6 58. Kd3 Ke5 59. Ke3 c6 0-1

[Event "Vienna op-A 15th"]
[Site "Vienna"]
[Date "2006.08.02"]
[Round "5"]
[White "Prinzjakowitsch, Bernhard"]
[Black "Weill, Roland"]
[Result "0-1"]
[WhiteElo "2174"]
[BlackElo "2274"]
[PlyCount "196"]
[EventDate "2006.07.29"]
[EventType "swiss"]
[EventRounds "9"]
[EventCountry "AUT"]
[SourceTitle "CBM 113 Extra"]
[Source "ChessBase"]
[SourceDate "2006.09.14"]
[SourceVersion "1"]
[SourceVersionDate "2006.09.14"]
[SourceQuality "1"]

1. e4 e5 2. Nf3 Nc6 3. Bb5 a6 4. Ba4 d6 5. c3 Bd7 6. 0-0 Nf6 7. Re1 Be7 8. d4 0-0 9. Nbd2 Re8 10. Nf1 h6 11. Bc2 Bf8 12. d5 Ne7 13. c4 c5 14. Bd2 Qc7 15. Bc3 Ng6 16. Ne3 b5 17. b3 b4 18. Bd2 a5 19. a3 Ra7 20. h3 Nf4 21. Nf5 g6 22. Ne3 Bg7 23. Kh2 Raa8 24. Ng1 Qc8 25. axb4 axb4 26. Rxa8 Qxa8 27. g3 N4h5 28. Qa1 Qb7 29. Qb2 Ra8 30. Ra1 Ra7 31. Ne2 Qa8 32. Rxa7 Qxa7 33. Nc1 Ne8 34. Qa2 Qxa2 35. Nxa2 Kh7 36. Nc1 Bf8 37. Ne2 Bc8 38. f4 Bg7 39. Ng2 Bh8 40. Ng1 f6 41. Bd1 Nhg7 42. fxe5 fxe5 43. Ne3 Nf6 44. Bf3 Nge8 45. Nd1 Bg7 46. Nb2 h5 47. Na4 Bh6 48. Bxh6 Kxh6 49. Nb6 Bd7 50. Ne2 Kg7 51. Nc1 Kf8 52. Nd3 Ke7 53. Nf2 Kd8 54. g4 h4 55. Kg2 Nh7 56. Kf1 Ng5 57. Ke2 Nf6 58. Bg2 Be8 59. Kd3 Kc7 60. Na4 Bxa4 61. bxa4 Kb6 62. Kc2 Ka5 63. Kb3 Nd7 64. Nd3 Kb6 65. Kc2 Ka6 66. Kb2 Ka5 67. Kb3 Nb6 68. Nb2 Nh7 69. Bf1 Nf8 70. Be2 Nh7 71. Bf1 Ng5 72. Bg2 Nd7 73. Nd3 Nf6 74. Nf2 Nfh7 75. Nd3 Nf7 76. Nf2 Nhg5 77. Nd1 Nd8 78. Nf2 Kb6 79. Kc2 Nb7 80. Nd3 Na5 81. Nb2 Kc7 82. Kd3 Nb3 83. Ke3 Kb6 84. Nd3 Nd4 85. Nb2 Ka5 86. Kf2 Nf7 87. Ke3 g5 88. Bf1 Nh6 89. Bg2 Ng8 90. Kd3 Nf6 91. Ke3 Nd7 92. Bf3 Nxf3 93. Kxf3 Nb6 94. Ke2 Nxa4 95. Nd3 Nb6 96. Ne1 b3 97. Kd1 Kb4 98. Nf3 Kc3 0-1

[Event "Vienna-ch"]
[Site "Vienna"]
[Date "2005.10.27"]
[Round "6"]
[White "Prinzjakowitsch, Bernhard"]
[Black "Lenz, Alarich"]
[Result "1/2-1/2"]
[WhiteElo "2164"]
[BlackElo "2184"]
[PlyCount "73"]
[EventDate "2005.10.22"]
[EventType "swiss"]
[EventRounds "9"]
[EventCountry "AUT"]
[SourceTitle "EXT 2007"]
[Source "ChessBase"]
[SourceDate "2006.11.23"]
[SourceVersion "1"]
[SourceVersionDate "2006.11.23"]
[SourceQuality "1"]

1. e4 e6 2. d4 d5 3. Nd2 Be7 4. e5 c5 5. c3 cxd4 6. cxd4 Nc6 7. Ne2 Qb6 8. Qb3 Qxb3 9. Nxb3 Nb4 10. Kd2 Nh6 11. a3 Nc6 12. Ke1 Nf5 13. g3 a5 14. Bh3 a4 15. Bxf5 exf5 16. Nd2 b6 17. Nb1 Ba6 18. Be3 0-0 19. Nd2 Bb7 20. f4 Rfc8 21. Kf2 Na5 22. Rhc1 b5 23. Nc3 Bc6 24. Rc2 Nc4 25. Nxc4 bxc4 26. Bd2 Rcb8 27. Na2 Rb3 28. Bb4 Bxb4 29. Nxb4 Bb7 30. Rb1 Kf8 31. Rc3 Ke7 32. Rxb3 axb3 33. Ke3 Ke6 34. Kd2 h5 35. Rg1 Rh8 36. h3 g6 37. h4 1/2-1/2

[Event "Vienna-ch"]
[Site "Vienna"]
[Date "2005.10.22"]
[Round "1"]
[White "Wilke, Werner"]
[Black "Prinzjakowitsch, Bernhard"]
[Result "1-0"]
[WhiteElo "2275"]
[BlackElo "2164"]
[PlyCount "121"]
[EventDate "2005.10.22"]
[EventType "swiss"]
[EventRounds "9"]
[EventCountry "AUT"]
[SourceTitle "EXT 2007"]
[Source "ChessBase"]
[SourceDate "2006.11.23"]
[SourceVersion "1"]
[SourceVersionDate "2006.11.23"]
[SourceQuality "1"]

1. e4 c5 2. Nf3 e6 3. c3 d6 4. d4 Nd7 5. Bd3 Ngf6 6. 0-0 e5 7. a4 a6 8. Nbd2 Be7 9. Nc4 Qc7 10. Bg5 b6 11. Ne3 h6 12. Bh4 Bb7 13. Re1 g6 14. Bg3 Nh5 15. dxe5 dxe5 16. Nd5 Bxd5 17. exd5 Nxg3 18. hxg3 c4 19. Bf1 Rc8 20. Nd2 b5 21. axb5 axb5 22. Ne4 Qb7 23. b3 f5 24. Nd2 Bc5 25. bxc4 0-0 26. Qb3 f4 27. gxf4 Rxf4 28. Ne4 Qb6 29. Ra2 bxc4 30. Qxb6 Nxb6 31. g3 Rff8 32. Bh3 Rc7 33. Ra6 Rb8 34. d6 Rc6 35. d7 Be7 36. Kh2 Kf7 37. Rea1 Rc7 38. Ra7 Rxa7 39. Rxa7 Bd8 40. Nd6+ Kf6 41. Ra6 Ke7 42. Nc8+ Kf8 43. Na7 Ra8 44. Bg2 Rxa7 45. Rxa7 Ke7 46. Be4 g5 47. Bf5 h5 48. Kg2 Kf6 49. Bc2 Ke6 50. Bg6 h4 51. Bh5 Kd6 52. Bg4 Nd5 53. Ra8 Ke7 54. Rc8 Nxc3 55. Rxc4 Nd5 56. Rc6 Nf6 57. Bf5 Kf7 58. Re6 Bc7 59. Re8 Nxe8 60. Bg6+ Kxg6 61. dxe8Q+ 1-0

[Event "Vienna op 14th"]
[Site "Vienna"]
[Date "2003.08.19"]
[Round "4"]
[White "Klimm, Wolf Dietrich"]
[Black "Prinzjakowitsch, Bernhard"]
[Result "1-0"]
[WhiteElo "2255"]
[BlackElo "2138"]
[PlyCount "146"]
[EventDate "2003.08.16"]
[EventType "swiss"]
[EventRounds "9"]
[EventCountry "AUT"]
[SourceTitle "CBM 095 Extra"]
[Source "ChessBase"]
[SourceDate "2003.09.04"]
[SourceVersion "1"]
[SourceVersionDate "2003.09.04"]
[SourceQuality "1"]

1. Nf3 Nf6 2. c4 d6 3. g3 e5 4. Bg2 c6 5. 0-0 Be7 6. Nc3 0-0 7. d4 e4 8. Ne1 d5 9. Bg5 dxc4 10. Nc2 Bf5 11. Bxf6 Bxf6 12. Nxe4 Re8 13. Nxf6+ Qxf6 14. e4 Bd7 15. Ne3 b5 16. a4 Qd8 17. e5 a6 18. axb5 Ra7 19. b6 Qxb6 20. Nxc4 Qb4 21. Ra4 Qe7 22. Nd6 Rd8 23. Ra5 Be6 24. Qa4 Qc7 25. Rc5 Qb6 26. Qa5 Qxa5 27. Rxa5 f6 28. f4 fxe5 29. dxe5 g6 30. Rc1 Bd7 31. Bf3 h5 32. Kg2 Rf8 33. Be4 Kg7 34. Rf1 Be6 35. Rf2 Rc7 36. Rc5 Nd7 37. Rxc6 Rxc6 38. Bxc6 Nc5 39. Rd2 Rb8 40. Ne4 Nb3 41. Rd6 Bf5 42. e6 Kf8 43. Kf3 Bxe6 44. Ng5 Bf5 45. Be4 Ke7 46. Rd5 Bg4+ 47. Ke3 Rb6 48. Re5+ Kf8 49. Bd5 Kg7 50. Re8 Nc5 51. Kd4 Nd7 52. Rg8+ Kf6 53. b3 Bf5 54. Rc8 Ke7 55. Rc6 Rb4+ 56. Kc3 Rb6 57. Rxb6 Nxb6 58. Be4 Kf6 59. Kd4 a5 60. Bc6 Bc2 61. Ne4+ Kf5 62. Nd6+ Kg4 63. Nc4 Nxc4 64. bxc4 a4 65. Bd7+ Bf5 66. Bxa4 Kh3 67. Ke3 Kxh2 68. Kf2 Kh3 69. c5 h4 70. gxh4 Kxh4 71. Ke3 Bc8 72. Kd4 g5 73. fxg5 Kxg5 1-0